[Event "Budapest-chT1 Lilienthal 1213"]
[Site "Budapest"]
[Date "2013.04.14"]
[Round "10"]
[White "Domschitz, Lajos"]
[Black "Palla, Akos Botond"]
[Result "0-1"]
[WhiteElo "2012"]
[BlackElo "1974"]
[PlyCount "98"]
[EventDate "2012.09.30"]
[EventType "team-tourn"]
[EventRounds "11"]
[EventCountry "HUN"]
[SourceTitle "EXT 2019"]
[Source "ChessBase"]
[SourceDate "2018.10.10"]
[SourceVersion "1"]
[SourceVersionDate "2018.10.10"]
[SourceQuality "1"]
[WhiteTeam "Penzugyor III"]
[BlackTeam "Sarkany II"]
[WhiteTeamCountry "HUN"]
[BlackTeamCountry "HUN"]

1. e4 c5 2. Nf3 d6 3. d4 cxd4 4. Nxd4 Nf6 5. Nc3 g6 6. Be3 Bg7 7. Bc4 Nc6 8. f3 Qb6 9. 0-0 0-0 10. Bb3 Ng4 11. fxg4 Bxd4 12. Bxd4 Qxd4+ 13. Qxd4 Nxd4 14. Nd5 Bxg4 15. Nxe7+ Kg7 16. Nd5 Rac8 17. c3 Nxb3 18. axb3 a6 19. Nf4 Be6 20. c4 Rc6 21. Nd5 Re8 22. Rfe1 Bxd5 23. exd5 Rxe1+ 24. Rxe1 Rb6 25. Re3 Rb4 26. h3 b5 27. Rc3 bxc4 28. bxc4 Rxb2 29. Ra3 Rb6 30. Kf2 Kf6 31. Re3 Rb4 32. Re4 a5 33. Ke3 a4 34. Kd4 a3 35. Re1 a2 36. Ra1 Ra4 37. Kc3 Ke5 38. Kb3 Ra6 39. Rxa2 Rxa2 40. Kxa2 Kd4 41. Kb3 Kc5 42. Kc3 f5 43. h4 h6 44. Kd3 g5 45. h5 f4 46. Ke4 Kxc4 47. Kf5 Kxd5 48. Kg6 g4 49. Kxh6 f3 0-1

[Event "Budapest-chT1 Lilienthal 1213"]
[Site "Budapest"]
[Date "2012.09.30"]
[Round "1"]
[White "Vitalyos, Marton"]
[Black "Domschitz, Lajos"]
[Result "1-0"]
[WhiteElo "1956"]
[BlackElo "2012"]
[PlyCount "69"]
[EventDate "2012.09.30"]
[EventType "team-tourn"]
[EventRounds "11"]
[EventCountry "HUN"]
[SourceTitle "EXT 2019"]
[Source "ChessBase"]
[SourceDate "2018.10.10"]
[SourceVersion "1"]
[SourceVersionDate "2018.10.10"]
[SourceQuality "1"]
[WhiteTeam "Taban Spartacus II"]
[BlackTeam "Penzugyor III"]
[WhiteTeamCountry "HUN"]
[BlackTeamCountry "HUN"]

1. e4 c5 2. c3 d5 3. exd5 Qxd5 4. d4 Nc6 5. Nf3 Bg4 6. Be2 cxd4 7. cxd4 e6 8. Nc3 Bb4 9. 0-0 Bxc3 10. bxc3 Nge7 11. Rb1 0-0 12. Ba3 b6 13. c4 Qd7 14. d5 exd5 15. cxd5 Bxf3 16. Bxf3 Ne5 17. Be4 Rae8 18. Qh5 N5g6 19. d6 Nc6 20. Bf5 Re6 21. Bxe6 fxe6 22. Qb5 Rf5 23. Qe2 Nf4 24. Qe4 Nd4 25. Rfe1 e5 26. Bc1 Nh3+ 27. gxh3 Nf3+ 28. Kf1 Rf6 29. Qd5+ Kf8 30. Re3 Qxh3+ 31. Ke2 Ng1+ 32. Ke1 Qf5 33. d7 Qxf2+ 34. Kd1 Qf1+ 35. Re1 1-0

[Event "Budapest-chT1 Lilienthal 1112"]
[Site "Budapest"]
[Date "2012.01.15"]
[Round "6"]
[White "Dlauchy, Peter"]
[Black "Domschitz, Lajos"]
[Result "0-1"]
[WhiteElo "1930"]
[BlackElo "2013"]
[PlyCount "68"]
[EventDate "2011.10.02"]
[EventType "team-tourn"]
[EventRounds "11"]
[EventCountry "HUN"]
[SourceTitle "EXT 2020"]
[Source "ChessBase"]
[SourceDate "2019.10.17"]
[SourceVersion "1"]
[SourceVersionDate "2019.10.17"]
[SourceQuality "1"]
[WhiteTeam "Budapest Vasas II"]
[BlackTeam "Penzugyor III"]
[WhiteTeamCountry "HUN"]
[BlackTeamCountry "HUN"]

1. e4 c5 2. Nf3 Nc6 3. d4 cxd4 4. Nxd4 e5 5. Nb5 d6 6. N1c3 a6 7. Na3 b5 8. Nd5 Nf6 9. Bg5 Be6 10. Bxf6 gxf6 11. c3 Bg7 12. Nc2 f5 13. exf5 Bxf5 14. Nce3 Be6 15. a4 b4 16. Nxb4 Nxb4 17. cxb4 0-0 18. Bd3 d5 19. 0-0 e4 20. Bb1 Bxb2 21. Ra2 Bg7 22. Qh5 f5 23. Rd2 Rb8 24. Ba2 Rxb4 25. Bxd5 Qf6 26. Bxe6+ Qxe6 27. Rfd1 f4 28. Rd6 Qb3 29. Nd5 Rb7 30. Qg4 e3 31. Qe6+ Kh8 32. Nxf4 exf2+ 33. Kf1 Qxa4 34. Qe4 Rb4 0-1

[Event "Budapest-chT1 Lilienthal 1112"]
[Site "Budapest"]
[Date "2011.12.04"]
[Round "4"]
[White "Kapas, Robert"]
[Black "Domschitz, Lajos"]
[Result "1-0"]
[WhiteElo "1946"]
[BlackElo "2013"]
[PlyCount "67"]
[EventDate "2011.10.02"]
[EventType "team-tourn"]
[EventRounds "11"]
[EventCountry "HUN"]
[SourceTitle "EXT 2020"]
[Source "ChessBase"]
[SourceDate "2019.10.17"]
[SourceVersion "1"]
[SourceVersionDate "2019.10.17"]
[SourceQuality "1"]
[WhiteTeam "Budapest EAC III"]
[BlackTeam "Penzugyor III"]
[WhiteTeamCountry "HUN"]
[BlackTeamCountry "HUN"]

1. d4 Nf6 2. Nf3 e6 3. Bd2 d5 4. e3 Nbd7 5. c4 Be7 6. Nc3 c6 7. Bd3 0-0 8. 0-0 Bd6 9. Rb1 b6 10. b4 dxc4 11. Bxc4 Nd5 12. Ne4 Be7 13. Qc2 Bb7 14. Bd3 g6 15. Rfc1 Re8 16. a4 Rc8 17. a5 N7f6 18. Ne5 Rc7 19. Nxf7 Qc8 20. Nxf6+ Kxf7 21. Nxe8 Qxe8 22. Qd1 Nf6 23. axb6 axb6 24. b5 c5 25. Bc4 Bd6 26. dxc5 Bxc5 27. Bb4 Qe7 28. Bxc5 Rxc5 29. Bf1 Rf5 30. Rb2 Be4 31. f3 Bb7 32. e4 Rh5 33. Rbc2 Ne8 34. Qd4 1-0

[Event "Budapest-chT1 Lilienthal 1011"]
[Site "Budapest"]
[Date "2011.01.23"]
[Round "7"]
[White "Domschitz, Lajos"]
[Black "Toth Katona, Tamas"]
[Result "1/2-1/2"]
[WhiteElo "2005"]
[BlackElo "1607"]
[PlyCount "97"]
[EventDate "2010.09.19"]
[EventType "team-tourn"]
[EventRounds "11"]
[EventCountry "HUN"]
[SourceTitle "EXT 2020"]
[Source "ChessBase"]
[SourceDate "2019.10.17"]
[SourceVersion "1"]
[SourceVersionDate "2019.10.17"]
[SourceQuality "1"]
[WhiteTeam "Penzugyor III"]
[BlackTeam "Vizugy II"]
[WhiteTeamCountry "HUN"]
[BlackTeamCountry "HUN"]

1. e4 e5 2. Nf3 Nc6 3. Bb5 a6 4. Ba4 Nf6 5. 0-0 b5 6. Bb3 Be7 7. Re1 0-0 8. c3 d5 9. exd5 Nxd5 10. d4 exd4 11. Nxd4 Nxd4 12. Qxd4 Be6 13. Qe4 Nf6 14. Qe3 Bxb3 15. axb3 Re8 16. Rd1 Bd6 17. Qf3 Qe7 18. Be3 Ne4 19. Nd2 Nc5 20. c4 bxc4 21. Bxc5 Bxc5 22. Nxc4 a5 23. g3 Qe2 24. Kg2 Bb6 25. Re1 Qxf3+ 26. Kxf3 Rxe1 27. Rxe1 Kf8 28. Ne5 Rd8 29. Ke2 f6 30. Nd3 Re8+ 31. Kd2 Rxe1 32. Kxe1 Bd4 33. f3 Ke7 34. Kd2 Kd6 35. Kc2 c5 36. Nf4 g6 37. Ne2 Ke5 38. Nc3 h5 39. Ne4 h4 40. Nd2 hxg3 41. hxg3 Bf2 42. g4 Kf4 43. Kd3 Bd4 44. Ke2 Bxb2 45. Nc4 Bc3 46. Nb6 Bb4 47. Na4 f5 48. gxf5 gxf5 49. Nb6 1/2-1/2

[Event "Budapest-chT1 Lilienthal 1011"]
[Site "Budapest"]
[Date "2010.10.31"]
[Round "3"]
[White "Vecsernyes, Norbert"]
[Black "Domschitz, Lajos"]
[Result "0-1"]
[WhiteElo "1887"]
[BlackElo "2005"]
[PlyCount "69"]
[EventDate "2010.09.19"]
[EventType "team-tourn"]
[EventRounds "11"]
[EventCountry "HUN"]
[SourceTitle "EXT 2020"]
[Source "ChessBase"]
[SourceDate "2019.10.17"]
[SourceVersion "1"]
[SourceVersionDate "2019.10.17"]
[SourceQuality "1"]
[WhiteTeam "Csepel"]
[BlackTeam "Penzugyor III"]
[WhiteTeamCountry "HUN"]
[BlackTeamCountry "HUN"]

1. d4 Nf6 2. c4 g6 3. Nc3 Bg7 4. e4 d6 5. Nge2 0-0 6. Ng3 Nc6 7. Be2 e5 8. d5 Nd4 9. Be3 Nxe2 10. Qxe2 Re8 11. h4 h5 12. Bg5 Bd7 13. Nf1 Qc8 14. Bxf6 Bxf6 15. Ne3 Bg7 16. f3 Bh6 17. g4 hxg4 18. Nxg4 Bxg4 19. fxg4 Bf4 20. h5 g5 21. Qf3 Qd8 22. h6 Kh7 23. Rh5 c6 24. Ke2 Rg8 25. Rah1 Rg6 26. b4 a5 27. dxc6 bxc6 28. b5 Rc8 29. bxc6 Rxc6 30. Qd3 Qc8 31. Kf3 Rxc4 32. Ne2 Rf6 33. R5h3 Qc5 34. Kg2 Rc2 35. Rb1 0-1

[Event "HUN-chT2 Breyer 0607"]
[Site "Hungary"]
[Date "2007.05.20"]
[Round "11"]
[White "Szinavel, Zsolt"]
[Black "Domschitz, Lajos"]
[Result "1-0"]
[WhiteElo "2079"]
[BlackElo "2094"]
[PlyCount "79"]
[EventDate "2006.11.12"]
[EventType "team"]
[EventRounds "11"]
[EventCountry "HUN"]
[SourceTitle "EXT 2008"]
[Source "ChessBase"]
[SourceDate "2007.11.25"]
[SourceVersion "1"]
[SourceVersionDate "2007.11.25"]
[SourceQuality "1"]
[WhiteTeam "Kisber Aszar"]
[BlackTeam "Penzugyor II"]
[WhiteTeamCountry "HUN"]
[BlackTeamCountry "HUN"]

1. e4 c5 2. d4 cxd4 3. c3 d3 4. Bxd3 Nc6 5. Nf3 Qc7 6. Qe2 d6 7. h3 g6 8. Bf4 Bg7 9. Bh2 e5 10. Nbd2 Nf6 11. 0-0 0-0 12. a3 h6 13. Ne1 d5 14. g4 Qb6 15. exd5 Nxd5 16. Nc4 Qc7 17. Ng2 Bd7 18. Nce3 Be6 19. Qc2 Rae8 20. Rad1 Nf4 21. Nxf4 exf4 22. Be4 Qe5 23. Rfe1 Qg5 24. Ng2 Be5 25. Qc1 f5 26. Bxc6 fxg4 27. h4 Qh5 28. Rxe5 Qxe5 29. Bxe8 g3 30. fxg3 fxg3 31. Qxh6 gxh2+ 32. Kh1 Rxe8 33. Qxg6+ Kf8 34. Qh6+ Qg7 35. Qxg7+ Kxg7 36. Kxh2 Bg4 37. Rd2 Re5 38. Kg3 Be6 39. Nf4 Bf5 40. Rd5 1-0

[Event "HUN-chT2 Breyer 0607"]
[Site "Hungary"]
[Date "2007.02.18"]
[Round "5"]
[White "Palla, Gyorgy"]
[Black "Domschitz, Lajos"]
[Result "1-0"]
[WhiteElo "2111"]
[BlackElo "2094"]
[PlyCount "67"]
[EventDate "2006.11.12"]
[EventType "team"]
[EventRounds "11"]
[EventCountry "HUN"]
[SourceTitle "EXT 2008"]
[Source "ChessBase"]
[SourceDate "2007.11.25"]
[SourceVersion "1"]
[SourceVersionDate "2007.11.25"]
[SourceQuality "1"]
[WhiteTeam "Balatonfuered"]
[BlackTeam "Penzugyor II"]
[WhiteTeamCountry "HUN"]
[BlackTeamCountry "HUN"]

1. e4 e6 2. d4 d5 3. exd5 Qxd5 4. Nf3 Nf6 5. Bd3 b6 6. 0-0 Bb7 7. Bg5 Be7 8. Nbd2 Qd8 9. c3 Nbd7 10. Re1 0-0 11. Qc2 h6 12. Bf4 Nd5 13. Be5 Bf6 14. Rad1 Rc8 15. Ne4 Qe7 16. Qd2 Bxe5 17. dxe5 Rfd8 18. Bb1 Nf8 19. a3 Ng6 20. g3 b5 21. Qe2 Rb8 22. h4 Ba8 23. h5 Nf8 24. Nd4 a6 25. f4 Nb6 26. Qg4 Bxe4 27. Bxe4 Qc5 28. Kh2 Nc4 29. b4 Qb6 30. Bd3 c5 31. f5 cxd4 32. f6 g5 33. hxg6 Nxe5 34. gxf7+ 1-0

[Event "HUN-chT2 Erkel 0405"]
[Site "Hungary"]
[Date "2004.12.19"]
[Round "6"]
[White "Domschitz, Lajos"]
[Black "Mizsei, Janos"]
[Result "0-1"]
[WhiteElo "2119"]
[BlackElo "2165"]
[PlyCount "102"]
[EventDate "2004.09.26"]
[EventType "team"]
[EventRounds "11"]
[EventCountry "HUN"]
[SourceTitle "EXT 2009"]
[Source "ChessBase"]
[SourceDate "2008.11.26"]
[SourceVersion "1"]
[SourceVersionDate "2008.11.26"]
[SourceQuality "1"]
[WhiteTeam "Penzugyor II"]
[BlackTeam "Szekuritas"]
[WhiteTeamCountry "HUN"]
[BlackTeamCountry "HUN"]

1. e4 e6 2. d4 d5 3. exd5 exd5 4. Nc3 Nf6 5. g3 Bg4 6. f3 Bf5 7. Bd3 Bxd3 8. Qxd3 c6 9. Bg5 Be7 10. Nge2 0-0 11. 0-0 Nbd7 12. Rae1 Re8 13. g4 Qc7 14. Bf4 Bd6 15. Bxd6 Qxd6 16. Ng3 g6 17. Qd2 Rxe1 18. Rxe1 Re8 19. Rxe8+ Nxe8 20. Nce2 Ng7 21. Kg2 Nf6 22. Qf4 Nfe8 23. Qxd6 Nxd6 24. b3 f5 25. h3 Kf7 26. Kf2 Kf6 27. h4 h6 28. Ke3 g5 29. hxg5+ Kxg5 30. gxf5 Ngxf5+ 31. Kf2 Nxg3 32. Kxg3 Nf5+ 33. Kf2 h5 34. c4 dxc4 35. bxc4 Nd6 36. d5 Nxc4 37. dxc6 bxc6 38. Nd4 Ne5 39. Ke3 Kf6 40. Ke4 c5 41. Ne2 h4 42. Nf4 c4 43. Nd5+ Ke6 44. Nf4+ Kd6 45. Ne2 h3 46. f4 Nd3 47. f5 h2 48. Ng3 Nc1 49. a3 c3 50. Kf3 Nd3 51. Kg2 c2 0-1

[Event "HUN-chT2 Erkel 0405"]
[Site "Hungary"]
[Date "2004.11.21"]
[Round "3"]
[White "Bagyanszky, Attila"]
[Black "Domschitz, Lajos"]
[Result "0-1"]
[WhiteElo "2122"]
[BlackElo "2119"]
[PlyCount "46"]
[EventDate "2004.09.26"]
[EventType "team"]
[EventRounds "11"]
[EventCountry "HUN"]
[SourceTitle "EXT 2009"]
[Source "ChessBase"]
[SourceDate "2008.11.26"]
[SourceVersion "1"]
[SourceVersionDate "2008.11.26"]
[SourceQuality "1"]
[WhiteTeam "Vaci"]
[BlackTeam "Penzugyor II"]
[WhiteTeamCountry "HUN"]
[BlackTeamCountry "HUN"]

1. e4 e6 2. f4 d5 3. e5 c5 4. Nf3 Nc6 5. c3 Nge7 6. d3 Qa5 7. Be2 b5 8. 0-0 Qb6 9. a3 a5 10. Qe1 g6 11. g4 Bg7 12. Nbd2 Bb7 13. Rf2 Rd8 14. Nf1 d4 15. Ng3 c4 16. Ne4 dxc3 17. Nd6+ Rxd6 18. exd6 cxb2 19. Bxb2 Bxb2 20. dxe7 Nd4 21. Nxd4 Bxd4 22. dxc4 Qc6 23. Bf3 Qxf3 0-1

[Event "HUN-chT2 Erkel 0203"]
[Site "Hungary"]
[Date "2003.04.13"]
[Round "11"]
[White "Domschitz, Lajos"]
[Black "Trajber, Csaba"]
[Result "0-1"]
[WhiteElo "2043"]
[BlackElo "2006"]
[PlyCount "108"]
[EventDate "2002.09.22"]
[EventType "team"]
[EventRounds "11"]
[EventCountry "HUN"]
[SourceTitle "EXT 2009"]
[Source "ChessBase"]
[SourceDate "2008.11.26"]
[SourceVersion "1"]
[SourceVersionDate "2008.11.26"]
[SourceQuality "1"]

1. e4 c5 2. Nf3 e6 3. d4 cxd4 4. Nxd4 a6 5. Nc3 Qc7 6. Bd3 Nf6 7. 0-0 b5 8. Re1 d6 9. a3 Be7 10. Be3 Bb7 11. f4 Nbd7 12. Kh1 Nb6 13. Qf3 Nc4 14. Bxc4 Qxc4 15. Rad1 0-0 16. Bc1 Nd7 17. Qg3 Kh8 18. Nf3 Rad8 19. f5 Nf6 20. e5 Nd5 21. fxe6 fxe6 22. Bg5 Bxg5 23. Nxg5 Nf4 24. Rg1 h6 25. Nf3 g5 26. Rd4 Qc6 27. Ne4 Ne2 28. Qh3 Kg7 29. Nfxg5 Nxd4 30. Nf6 Rxf6 31. exf6+ Kxf6 32. Qxh6+ Ke5 33. Re1+ Kd5 34. c3 Nf5 35. Rd1+ Kc5 36. Qh3 Qxg2+ 37. Qxg2 Bxg2+ 38. Kxg2 Ne3+ 39. Kf3 Nxd1 40. Nxe6+ Kc4 41. Nxd8 Nxb2 42. Nc6 Nd3 43. h4 Kc5 44. Nb8 Ne5+ 45. Ke4 a5 46. h5 Kc4 47. h6 Nf7 48. h7 Ng5+ 49. Kf5 Nxh7 50. Ke6 a4 51. Na6 Nf8+ 52. Kf6 d5 53. Ke7 Ng6+ 54. Kd6 Nf4 0-1

[Event "HUN-chT2 Charousek 0203"]
[Site "Hungary"]
[Date "2003.04.06"]
[Round "10.9"]
[White "Domschitz, Lajos"]
[Black "Juracsik, Jozsef"]
[Result "0-1"]
[WhiteElo "2043"]
[BlackElo "2214"]
[PlyCount "120"]
[EventDate "2002.09.22"]
[EventType "team"]
[EventRounds "11"]
[EventCountry "HUN"]
[SourceTitle "EXT 2004"]
[Source "ChessBase"]
[SourceDate "2003.11.25"]
[SourceVersion "1"]
[SourceVersionDate "2003.11.25"]
[SourceQuality "1"]
[WhiteTeam "Penzugyor"]
[BlackTeam "Tapolca Rockwool"]
[WhiteTeamCountry "HUN"]
[BlackTeamCountry "HUN"]

1. e4 c5 2. Nf3 Nc6 3. d3 g6 4. c3 Bg7 5. g3 d5 6. Qc2 d4 7. Bg2 e5 8. 0-0 Nge7 9. Nbd2 0-0 10. cxd4 cxd4 11. a3 h6 12. b4 Be6 13. Nb3 b6 14. Bd2 Rc8 15. Qb2 f5 16. Nh4 f4 17. b5 Nb8 18. Bb4 Kh7 19. Nf3 a5 20. bxa6 Nxa6 21. Rac1 Nxb4 22. axb4 Qd6 23. Rxc8 Nxc8 24. Nbd2 b5 25. Rc1 Nb6 26. Nb1 Na4 27. Qd2 Bg4 28. Ne1 fxg3 29. hxg3 h5 30. Qa2 Qxb4 31. f3 Rc8 32. Nc2 Qb2 33. Qxb2 Nxb2 34. fxg4 Bh6 35. Rf1 Rxc2 36. gxh5 Rc1 37. Rxc1 Bxc1 38. hxg6+ Kxg6 39. Bf1 b4 40. Be2 Na4 41. Kf1 Nc5 42. Ke1 Kg5 43. Kd1 Be3 44. Kc2 Bf2 45. g4 Be1 46. Kd1 Bc3 47. Kc1 Kf4 48. Kd1 Ne6 49. Nd2 Bxd2 50. Kxd2 Ng5 51. Bd1 Nh3 52. Be2 Nf2 53. g5 Kxg5 54. Kc2 Kf4 55. Kd2 Nh3 56. Bh5 Ng5 57. Bd1 Ne6 58. Bc2 Nc5 59. Ke2 b3 60. Bd1 b2 0-1

[Event "HUN-chT2 Charousek 0203"]
[Site "Hungary"]
[Date "2003.03.02"]
[Round "8.9"]
[White "Domschitz, Lajos"]
[Black "Akots, Gabor"]
[Result "0-1"]
[WhiteElo "2043"]
[BlackElo "2100"]
[PlyCount "56"]
[EventDate "2002.09.22"]
[EventType "team"]
[EventRounds "11"]
[EventCountry "HUN"]
[SourceTitle "EXT 2004"]
[Source "ChessBase"]
[SourceDate "2003.11.25"]
[SourceVersion "1"]
[SourceVersionDate "2003.11.25"]
[SourceQuality "1"]
[WhiteTeam "Penzugyor"]
[BlackTeam "Geniusz Tata"]
[WhiteTeamCountry "HUN"]
[BlackTeamCountry "HUN"]

1. e4 c5 2. Nf3 Nc6 3. d4 cxd4 4. Nxd4 Nf6 5. Nc3 e5 6. Ndb5 d6 7. Bg5 a6 8. Na3 b5 9. Nd5 Be7 10. Nxe7 Nxe7 11. Qd3 Bb7 12. f3 Qc7 13. 0-0-0 Rd8 14. Bxf6 gxf6 15. Kb1 d5 16. exd5 Bxd5 17. c4 Be4 18. Qxe4 Rxd1+ 19. Kc2 Rd8 20. g4 Nc6 21. cxb5 Na5+ 22. Bc4 axb5 23. Nxb5 Qxc4+ 24. Qxc4 Nxc4 25. b4 0-0 26. Nc3 Rd2+ 27. Kb3 Rc8 28. b5 Rb2+ 0-1